000 00979cam a22003137a 4500
003 CHAP
005 20220817043401.0
008 971013s1968 r 00010 d
010 _a73916
011 _a74888
035 _a84447
040 _cCHAP
100 1 _aBarrera Vásquez, Alfredo.
_910423
245 0 _aPanorama de la biología en México ; dos ensayos
260 _aMéxico, D. F. :
_bCentro Nacional de Productividad,
_c1968
300 _a80 p.
490 0 _aCiencia y Tecnología
_v; 1
590 _aBATCH-UPD
_b10
_c20130110
_lUCH01
_h1028
590 _aBATCH-UPD
_b10
_c20130410
_lUCH01
_h0631
590 _aBATCH-UPD
_b10
_c20130914
_lUCH01
_h0541
590 _aBATCH-UPD
_b10
_c20140618
_lUCH01
_h1316
590 _aCONVERSION
_b10
_c20130109
_lUCH01
_h1340
650 1 4 _aBiología.
_912773
650 1 4 _aDesarrollo económico.
830 0 _aCiencia y Tecnología
_v; 1
_923158
901 _aBK
942 _cLIBRO
949 _bBC
_cFOLL
_d-39789
_eLIBRO
_i84447
_mD
_si
999 _c73916
_d73916